000 00755cam a2200217 4500
001 ##B1532
008 090401t1979 xxu||||| |||| 00| 0 eng d
035 _a(Sirsi) u45022
041 0 _aeng
050 0 4 _a333.337 $2 18
110 2 _aInvestors Chronicle
_92657
245 0 0 _aInvestors Chronicle Hillier Parker rent index
_bthe relationship between shop rents and town centre size
260 _aLondon
_bHillier Parker May and Rowden
_c1979
300 _a8p.
_bill., map
_c30cm.
490 0 _aHillier Parker May and Rowden Research Report
_v(4)
651 4 _aUnited Kingdom
_y
690 _aPROPERTY-COMMERCIAL PROPERTY-RETAIL PROPERTY-TOWN CENTRE RETAIL PROPERTY
710 2 _aHillier Parker May and Rowden
_92042
942 _n0
948 _c04/03/1997
999 _c91632
_d91632